[Event "94th Paris-ch  2019"]
[Site "Paris"]
[Date "2019.07.12"]
[Round "7.8"]
[White "Bharath Subramaniyam H"]
[Black "Dixit, Nikhil"]
[Result "1-0"]
[WhiteElo "2405"]
[BlackElo "2318"]
[Annotator "TA"]
[PlyCount "181"]
[EventDate "2019.07.07"]
[EventType "swiss"]
[EventCountry "FRA"]
[SourceTitle "playchess.com"]
[Source "ChessBase"]
[SourceQuality "1"]

{[%evp 17,181,24,34,0,0,0,0,0,0,-7,-14,-7,-14,-27,-2,-8,0,0,0,-48,-45,-50,0,0,0,0,5,7,16,21,24,25,17,22,24,28,12,29,39,20,101,97,81,103,106,111,108,83,193,173,209,187,255,254,255,252,255,251,293,299,306,305,331,335,319,256,335,335,303,235,235,235,235,235,235,235,235,235,336,252,335,335,335,332,318,308,302,242,241,244,245,218,292,218,258,244,252,244,214,63,174,64,73,8,8,8,8,8,4264,4264,4264,4264,4264,4264,4264,1089,1251,0,4264,4264,29990,4264,4264,4264,4264,4264,4264,4264,29967,29967,29965,29968,29974,29975,29975,4975,29971,29972,29962,4264,4264,1924,29970,29971,29971,4264,29974,29976,29976,29977,29978,29979,29980,29981,29981,29982,29982,29983,29984,29985,29985,29986,29987,29988,29988,29989]} 1. e4 g6 2. d4 Bg7 3. Nc3 c6 4. Nf3 d6 5. Be3 Nf6 6. Qd2 O-O 7. h3 b5 8. Bd3 Qc7 9. O-O Nbd7 10. Rad1 {B07: Pirc Defence: Miscellaneous Systems} (10. Ne2 e5 11. dxe5 Nxe5 12. Nxe5 dxe5 13. a4 Be6 14. axb5 cxb5 15. Qa5 Rfc8 16. Qxc7 Rxc7 17. Nc3 Bc4 {½-½ (92) Saric,I (2666)-Van Wely,L (2667) Wijk aan Zee 2015}) 10... Bb7 11. Rfe1 e5 12. a3 {The position is equal.} a6 13. dxe5 dxe5 14. Bf1 Rfe8 $146 ({Predecessor:} 14... c5 15. Qd6 Qxd6 16. Rxd6 c4 17. Red1 Nb8 {1-0 (44) Mladenovic,J (2150)-Milivojevic,M (1679) Pozarevac 2009}) 15. Bg5 Nc5 16. Qd6 Qxd6 17. Rxd6 Ne6 18. Bh4 Nh5 19. Red1 Nd4 (19... Rab8 $15) 20. Nxd4 $11 exd4 21. Ne2 $36 {[%mdl 2048] White is pushing.} c5 22. g4 {Hoping for f3.} Be5 23. Rb6 Bxe4 24. gxh5 Bc7 25. Rf6 Be5 26. Rd2 Bxf6 27. Bxf6 Re6 28. Bh4 f6 (28... Bf3 $11 {remains equal.}) 29. b4 g5 30. Bg3 cxb4 31. axb4 Rd8 32. c3 f5 (32... Rc6 $16) 33. f4 $18 ({Inferior is} 33. cxd4 f4 $11) 33... gxf4 34. Bxf4 d3 (34... Rc6 {might work better.}) 35. Nd4 Ree8 36. Bxd3 Bxd3 37. Rxd3 Rd5 38. Kf2 Kf7 39. Rf3 a5 40. bxa5 b4 41. Nb3 bxc3 42. Rxc3 Re4 43. Kf3 Ra4 44. Bc7 Ra3 {next ...Rb5 is good for Black.} 45. Re3 f4 46. Kxf4 ({Don't do} 46. Bxf4 $6 Rxh5 47. Kg4 Rb5 $16) 46... Rxh5 47. Bb6 Rh4+ (47... Ra4+ {was called for.} 48. Nd4 Kg6) 48. Kg3 Rc4 49. Rf3+ Kg6 50. Nc5 Ra2 51. a6 Rb4 52. Bc7 Rc4 {[#]} 53. Bd6 $1 h5 {[%csl Gc4][%cal Rh5h4]} 54. h4 Rd4 55. Be7 Rg4+ 56. Kh3 Ra1 {[%cal Ra1h1]} 57. Rg3 Kf5 58. Bd6 $2 ({Better is} 58. Bd8 $18) 58... Rh1+ $1 $14 59. Kg2 Ra1 $1 60. Rxg4 (60. Bb8 $16) 60... Kxg4 $11 61. Bb8 {Black must now prevent a7.} Ra2+ 62. Kg1 {And now a7 would win.} Kf3 $2 {[%mdl 8192]} (62... Kxh4 $11 63. a7 Kh3) 63. a7 $18 Ra1+ 64. Kh2 Ra2+ 65. Kh3 Ra1 66. Nb3 (66. Nd7 $142 Rh1+ 67. Bh2) 66... Ra3 67. Nc5 (67. Nc1 $142 Ra1 68. Nb3) 67... Ra1 $1 {Black hopes to continue with ...Rh1+.} 68. Nd7 Rh1+ 69. Bh2 Ra1 {[#]} 70. Bg1 $1 {[%mdl 512]} Ra3 (70... Rxg1 71. a8=Q+) 71. Nf6 Kf4+ 72. Kg2 Ra2+ 73. Bf2 Kf5 74. Nxh5 Kg4 75. Nf6+ Kf5 76. Nd7 (76. Nd5 $142 Kg4 77. Nc7 Rxa7 78. Bxa7 Kxh4 79. Bc5 Kg4 80. Bd6 Kg5 81. Kg3) 76... Kg4 77. Ne5+ Kf5 78. Nf3 (78. Nc4 $142 Ke4 79. Nd6+ Kf4 80. Nb5 Kg4 81. Nc7 Rxa7 82. Bxa7 Kxh4 83. Nd5) 78... Kg4 79. Nh2+ Kh5 80. Kg3 Ra4 81. Nf3 Ra3 82. Bc5 {White mates.} Ra4 83. Ne5 Ra1 84. Nc4 Ra4 85. Bb6 Ra6 86. Na5 Kg6 87. Kg4 Kh6 88. h5 Kh7 89. Kg5 Kg7 90. Nc6 Kh7 91. h6 {Accuracy: White = 75%, Black = 44%.} 1-0

[Event "94th Paris-ch  2019"]
[Site "Paris"]
[Date "2019.07.12"]
[Round "7.9"]
[White "Akshat, Khamparia"]
[Black "Lux, Hugo de Melo"]
[Result "1/2-1/2"]
[WhiteElo "2398"]
[BlackElo "2231"]
[Annotator "NA"]
[PlyCount "47"]
[EventDate "2019.07.07"]
[EventType "swiss"]
[EventCountry "FRA"]
[SourceTitle "playchess.com"]
[Source "ChessBase"]
[SourceQuality "1"]
[TimeControl "5400+30"]

1. d4 {[%emt 0:00:00]} Nf6 {[%emt 0:00:00]} 2. c4 {[%emt 0:00:00]} e6 {[%emt 0:00:00]} 3. Nc3 {[%emt 0:00:01]} Bb4 {[%emt 0:00:00]} 4. Qc2 {[%emt 0:02:39]} b6 {[%emt 0:00:13]} 5. e4 {[%emt 0:01:09]} c5 {[%emt 0:00:28]} 6. d5 {[%emt 0:00:21]} Qe7 {[%emt 0:00:05]} 7. Nge2 {[%emt 0:05:49]} exd5 {[%emt 0:02:12]} 8. exd5 {[%emt 0:00:18]} O-O {[%emt 0:00:56]} 9. Bd2 {[%emt 0:01:36]} d6 {[%emt 0:00:06]} 10. O-O-O {[%emt 0:00:51]} Ng4 {[%emt 0:04:10]} 11. Be1 {[%emt 0:00:27]} Qg5+ {[%emt 0:11:02]} 12. Qd2 {[%emt 0:02:01]} Qxd2+ {[%emt 0:10:39]} 13. Kxd2 {[%emt 0:08:49]} Ba6 {[%emt 0:15:49]} 14. a3 {[%emt 0:03:02]} Ba5 {[%emt 0:00:56]} 15. Rb1 {[%emt 0:01:59]} b5 {[%emt 0:13:46]} 16. cxb5 {[%emt 0:01:41]} Bb7 {[%emt 0:00:36]} 17. h3 {[%emt 0:01:33]} Nf6 {[%emt 0:00:22]} 18. Kc2 {[%emt 0:04:11]} Nbd7 {[%emt 0:05:10]} 19. Ng3 {[%emt 0:01:31]} Bc7 {[%emt 0:06:14]} 20. Rd1 {[%emt 0:03:38]} Nb6 {[%emt 0:00:25]} 21. Be2 {[%emt 0:05:23]} Rae8 {[%emt 0:00:11]} 22. Bf3 {[%emt 0:00:51]} Re5 {[%emt 0:00:39]} 23. Bd2 {[%emt 0:07:57]} Nbxd5 {[%emt 0:01:12]} 24. Nxd5 {[%emt 0:02:27]} 1/2-1/2

[Event "94th Paris-ch  2019"]
[Site "Paris"]
[Date "2019.07.12"]
[Round "7.10"]
[White "Philippe, Guillaume"]
[Black "Fitzsimons, David"]
[Result "0-1"]
[WhiteElo "2344"]
[BlackElo "2301"]
[Annotator "TA"]
[PlyCount "50"]
[EventDate "2019.07.07"]
[EventType "swiss"]
[EventCountry "FRA"]
[SourceTitle "playchess.com"]
[Source "ChessBase"]
[SourceQuality "1"]

{[%evp 19,50,-37,22,10,10,4,12,-79,-84,-127,-137,-162,-153,-153,-150,-151,-95,-99,-98,-466,-472,-558,-572,-570,-551,-581,-579,-579,-563,-568,-554,-5018,-5002]} 1. e4 c5 2. Nf3 d6 3. d4 cxd4 4. Nxd4 Nf6 5. Nc3 a6 6. Bc4 e6 7. O-O Be7 8. Bb3 O-O 9. f4 Nbd7 10. Qf3 Nc5 (10... b5 $15) 11. g4 {B86: Sicilian Scheveningen/Najdorf: 6 Bc4, without early ...b5} (11. Be3 Qc7 12. g4 b5 13. g5 Nfxe4 14. Nxe4 Bb7 15. Nxc5 dxc5 16. Nxe6 fxe6 17. Bxe6+ Kh8 18. Bd5 Bxd5 19. Qxd5 Rae8 20. Rae1 {1-0 (29) Skorchenko,D (2604)-Popovic,D (2711) playchess.com INT 2005}) 11... d5 {[%cal Rd5e4]} 12. e5 Nfe4 13. f5 $146 (13. Nxe4 $11 {keeps the balance.} dxe4 14. Qf2) ({Predecessor:} 13. Nxe4 dxe4 14. Qf2 Qc7 15. Be3 b5 16. Qg3 Bb7 17. f5 Nxb3 18. cxb3 Bd5 19. Rac1 Qd7 20. f6 gxf6 21. exf6 Bd6 22. Bf4 Qa7 23. Rfd1 Rfc8 24. Rxc8+ {1-0 (24) Del Rio de Angelis,S (2365)-Pinho,P (2150) Loures 1998}) 13... f6 $17 14. exf6 Bxf6 15. Qe3 Nxb3 16. axb3 exf5 17. Nxf5 Bg5 (17... Bxc3 $142 18. bxc3 Bxf5 19. gxf5 Qh4) 18. Qd4 {[%csl Gf5][%cal Rd4g7]} Bxf5 $1 19. Bxg5 $4 {[%mdl 8192] [#]} (19. gxf5 $17 {nothing else works.} Nxc3 20. Qxc3) 19... Nxc3 $1 $19 {[%mdl 576] Discovered Attack. Black is clearly winning.} 20. Qe3 {[#]} (20. bxc3 Qxg5) 20... Ne2+ $1 {[%mdl 512]} 21. Kg2 (21. Qxe2 Qxg5) 21... d4 {Threatens to win with ...Qd5+.} 22. Rxf5 {aiming for Qe6+.} dxe3 23. Bxd8 Rxf5 24. gxf5 Rxd8 25. Kf3 Nd4+ {[%mdl 64] Double Attack. Accuracy: White = 10%, Black = 77%.} 0-1

[Event "94th Paris-ch  2019"]
[Site "Paris"]
[Date "2019.07.12"]
[Round "7.11"]
[White "Ojas Kulkarni"]
[Black "Bergez, Luc"]
[Result "1/2-1/2"]
[WhiteElo "2251"]
[BlackElo "2308"]
[Annotator "ChessBase"]
[PlyCount "127"]
[EventDate "2019.07.07"]
[EventType "swiss"]
[EventCountry "FRA"]
[SourceTitle "playchess.com"]
[Source "ChessBase"]
[SourceQuality "1"]
[TimeControl "5400+30"]

1. c4 {[%emt 0:00:00]} e5 {[%emt 0:01:10]} 2. g3 {[%emt 0:00:00]} d6 {[%emt 0:00:58]} 3. Bg2 {[%emt 0:00:15]} f5 {[%emt 0:00:17]} 4. Nc3 {[%emt 0:00:18]} Nf6 {[%emt 0:00:29]} 5. d3 {[%emt 0:01:43]} Be7 {[%emt 0:00:41]} 6. e4 {[%emt 0:01:06]} O-O {[%emt 0:02:20]} 7. Nge2 {[%emt 0:00:05]} Na6 {[%emt 0:07:32]} 8. O-O {[%emt 0:00:47]} c6 {[%emt 0:00:48]} 9. b3 {[%emt 0:04:17]} Qe8 {[%emt 0:05:48]} 10. exf5 {[%emt 0:29:02]} Bxf5 {[%emt 0:00:46]} 11. Ne4 {[%emt 0:00:12]} Qg6 {[%emt 0:02:56]} 12. N2c3 {[%emt 0:01:25]} Nc7 {[%emt 0:01:28]} 13. Ba3 {[%emt 0:09:45]} Rad8 {[%emt 0:00:44]} 14. Qd2 {[%emt 0:00:56]} Ne6 {[%emt 0:01:07]} 15. Rae1 {[%emt 0:00:25]} Kh8 {[%emt 0:01:24]} 16. Qe3 {[%emt 0:08:36]} Nd4 {[%emt 0:02:53]} 17. Qd2 {[%emt 0:00:09]} Ne6 {[%emt 0:00:46]} 18. Qe3 {[%emt 0:00:42]} Ng8 {[%emt 0:01:13]} 19. Ne2 {[%emt 0:07:49]} Ng5 {[%emt 0:05:36]} 20. Nxg5 {[%emt 0:01:08]} Bxg5 {[%emt 0:00:10]} 21. f4 {[%emt 0:00:04]} Bh6 {[%emt 0:04:01]} 22. d4 {[%emt 0:05:03]} Rfe8 {[%emt 0:09:12]} 23. Qf2 {[%emt 0:00:22]} Bd3 {[%emt 0:03:16]} 24. dxe5 {[%emt 0:04:19]} dxe5 {[%emt 0:00:15]} 25. fxe5 {[%emt 0:00:04]} Rxe5 {[%emt 0:01:07]} 26. Nf4 {[%emt 0:00:20]} Bxf4 {[%emt 0:02:34]} 27. Qxf4 {[%emt 0:00:54]} Rf5 {[%emt 0:08:19]} 28. Qc7 {[%emt 0:01:14]} Re8 {[%emt 0:00:55]} 29. Rxe8 {[%emt 0:02:34]} Rxf1+ {[%emt 0:00:18]} 30. Bxf1 {[%emt 0:00:12]} Qxe8 {[%emt 0:00:04]} 31. Bxd3 {[%emt 0:01:35]} Qe3+ {[%emt 0:00:21]} 32. Kg2 {[%emt 0:00:04]} Qxd3 {[%emt 0:03:56]} 33. Qxb7 {[%emt 0:02:34]} Qc2+ {[%emt 0:07:40]} 34. Kh3 {[%emt 0:00:08]} Qf5+ {[%emt 0:00:19]} 35. Kg2 {[%emt 0:00:10]} Qc2+ {[%emt 0:00:06]} 36. Kh3 {[%emt 0:00:05]} Qxa2 {[%emt 0:00:43]} 37. Bc5 {[%emt 0:02:59]} Qb1 {[%emt 0:01:33]} 38. Qxc6 {[%emt 0:01:23]} Qf1+ {[%emt 0:00:30]} 39. Kh4 {[%emt 0:00:07]} Qe2 {[%emt 0:08:19]} 40. h3 {[%emt 0:09:24]} h6 {[%emt 0:01:43]} 41. Qg6 {[%emt 0:00:04]} Qe5 {[%emt 0:00:35]} 42. Bd6 {[%emt 0:07:16]} Qd4+ {[%emt 0:00:13]} 43. Bf4 {[%emt 0:00:09]} Nf6 {[%emt 0:09:43]} 44. c5 {[%emt 0:00:01]} Qxc5 {[%emt 0:02:01]} 45. Bxh6 {[%emt 0:00:06]} Qb4+ {[%emt 0:00:19]} 46. Bf4 {[%emt 0:00:16]} Qxb3 {[%emt 0:00:16]} 47. Qf5 {[%emt 0:00:29]} Qc4 {[%emt 0:05:02]} 48. Qe5 {[%emt 0:02:06]} a6 {[%emt 0:00:32]} 49. Kg5 {[%emt 0:00:22]} Qf7 {[%emt 0:00:49]} 50. Kh4 {[%emt 0:00:54]} Nd5 {[%emt 0:00:33]} 51. Kg4 {[%emt 0:00:31]} a5 {[%emt 0:00:20]} 52. Qb8+ {[%emt 0:00:53]} Kh7 {[%emt 0:00:03]} 53. Qb1+ {[%emt 0:00:04]} Qg6+ {[%emt 0:00:56]} 54. Qxg6+ {[%emt 0:00:11]} Kxg6 {[%emt 0:00:02]} 55. Be5 {[%emt 0:00:12]} a4 {[%emt 0:00:09]} 56. h4 {[%emt 0:01:02]} Ne3+ {[%emt 0:01:25]} 57. Kf3 {[%emt 0:00:10]} Nc2 {[%emt 0:00:08]} 58. g4 {[%emt 0:00:43]} a3 {[%emt 0:00:08]} 59. h5+ {[%emt 0:00:05]} Kh7 {[%emt 0:00:21]} 60. g5 {[%emt 0:00:20]} a2 {[%emt 0:00:09]} 61. g6+ {[%emt 0:00:02]} Kg8 {[%emt 0:01:49]} 62. Kg4 {[%emt 0:00:19]} a1=Q {[%emt 0:00:28]} 63. Bxa1 {[%emt 0:00:04]} Nxa1 {[%emt 0:00:08]} 64. Kg5 {[%emt 0:00:02]} 1/2-1/2

[Event "94th Paris-ch  2019"]
[Site "Paris"]
[Date "2019.07.12"]
[Round "7.12"]
[White "Dutreuil, Raphael"]
[Black "Le Goff, Ronan"]
[Result "1/2-1/2"]
[WhiteElo "2302"]
[BlackElo "2281"]
[Annotator "NA"]
[PlyCount "42"]
[EventDate "2019.07.07"]
[EventType "swiss"]
[EventCountry "FRA"]
[SourceTitle "playchess.com"]
[Source "ChessBase"]
[SourceQuality "1"]
[TimeControl "5400+30"]

1. c4 {[%emt 0:16:29]} e5 {[%emt 0:00:16]} 2. g3 {[%emt 0:00:12]} Nf6 {[%emt 0:00:08]} 3. Bg2 {[%emt 0:00:26]} d5 {[%emt 0:06:38]} 4. cxd5 {[%emt 0:00:25]} Nxd5 {[%emt 0:00:10]} 5. Nc3 {[%emt 0:00:14]} Nb6 {[%emt 0:00:36]} 6. Nf3 {[%emt 0:00:27]} Nc6 {[%emt 0:01:47]} 7. Rb1 {[%emt 0:00:27]} a5 {[%emt 0:04:49]} 8. O-O {[%emt 0:00:57]} Be7 {[%emt 0:02:43]} 9. d3 {[%emt 0:00:15]} O-O {[%emt 0:00:11]} 10. Be3 {[%emt 0:00:11]} Be6 {[%emt 0:04:22]} 11. d4 {[%emt 0:02:19]} exd4 {[%emt 0:03:47]} 12. Nxd4 {[%emt 0:01:02]} Nxd4 {[%emt 0:01:28]} 13. Bxd4 {[%emt 0:00:42]} c6 {[%emt 0:01:14]} 14. f4 {[%emt 0:00:21]} f5 {[%emt 0:05:29]} 15. e4 {[%emt 0:02:20]} a4 {[%emt 0:08:22]} 16. Bh3 {[%emt 0:08:42]} Nc4 {[%emt 0:07:47]} 17. exf5 {[%emt 0:14:16]} Bxf5 {[%emt 0:02:12]} 18. Bxf5 {[%emt 0:00:23]} Rxf5 {[%emt 0:00:12]} 19. Qd3 {[%emt 0:00:23]} Qxd4+ {[%emt 0:05:21]} 20. Qxd4 {[%emt 0:00:56]} Bc5 {[%emt 0:00:07]} 21. Rfd1 {[%emt 0:00:33]} Bxd4+ {[%emt 0:02:48]} 1/2-1/2

[Event "94th Paris-ch  2019"]
[Site "Paris"]
[Date "2019.07.12"]
[Round "7.13"]
[White "Rahul Srivatshav P"]
[Black "Macon, Arthur"]
[Result "0-1"]
[WhiteElo "2414"]
[BlackElo "2270"]
[Annotator "TA"]
[PlyCount "91"]
[EventDate "2019.07.07"]
[EventType "swiss"]
[EventCountry "FRA"]
[SourceTitle "playchess.com"]
[Source "ChessBase"]
[SourceQuality "1"]

{[%evp 28,91,33,15,15,22,17,0,9,-14,0,-6,-6,-136,0,-66,-58,-55,103,107,129,94,243,10,33,0,0,0,222,222,225,233,242,0,0,0,0,-65,-55,-56,-76,-97,-90,-85,-94,-103,-107,-99,-123,-89,-116,-69,0,0,0,-212,-197,-165,0,-197,-195,-243,-239,-294,-289,-277]} 1. e4 e6 2. d4 d5 3. Nd2 Nf6 4. e5 Nfd7 5. Bd3 c5 6. c3 Nc6 7. Ne2 cxd4 8. cxd4 f6 9. exf6 Nxf6 10. Nf3 Bd6 11. O-O Qc7 12. Bg5 O-O 13. Bh4 Nh5 14. Qc2 h6 15. Bg6 Rxf3 {C06: French Tarrasch: 3...Nf6 4 e5 Nfd7 5 Bd3 main lines} 16. gxf3 Bxh2+ 17. Kh1 Nf4 {The position is equal.} 18. Ng3 Qd6 19. Rad1 (19. Kxh2 Nxd4 20. Qd1 Nxg6 $17) 19... e5 20. Bf5 (20. Bh7+ $11 {was the only way to keep the balance.} Kh8 21. Kxh2) (20. Bh7+ Kh8 21. dxe5 Nxe5 22. Be4 Bh3 23. Kxh2 {½-½ (32) Kotronias,V (2622)-Gurevich,M (2633) Kusadasi 2006}) 20... Bxg3 $146 (20... Bxf5 $17 21. Qxf5 Rf8) ({Predecessor:} 20... Bxf5 21. Nxf5 Qg6 22. Rg1 Bxg1 23. Rxg1 {1-0 (32) Paczka,P (1860)-Kaczmarek,A (2015) Poznan 2014}) 21. Bh7+ (21. Bxg3 Bxf5 22. Qxf5 Rf8 $17) (21. fxg3 $11 Bxf5 22. Qxf5 Nxd4 23. Rxd4) 21... Kh8 $15 22. dxe5 Qe6 $2 (22... Qxe5 $15 {keeps the upper hand.} 23. fxg3 Qh5) 23. fxg3 $16 Qh3+ 24. Kg1 g5 (24... Bd7 $16 {keeps fighting.}) 25. gxf4 $2 (25. Rf2 $1 $18 {[%cal Rf2h2] Rh2 is the strong threat.} Nxe5 26. Qc3 (26. gxf4 Nxf3+ 27. Rxf3 Qxf3 $16) 26... Kxh7 27. gxf4 (27. Qxe5 Ng6 $16) 27... Qxh4 28. Qxe5 Qxf4 29. Qxf4 gxf4 30. Re2 (30. Rxd5 Be6 $18)) 25... Qxh4 $11 26. Rf2 (26. e6 $5 Qg3+ 27. Kh1 Qh3+ 28. Qh2 Qxh2+ 29. Kxh2 Kxh7 30. f5 $11) 26... Qg3+ 27. Rg2 Qxf4 $2 (27... Qxf3 $11 28. Rf1 (28. fxg5 Nxe5 29. Rd3 Nxd3 $11) 28... Qe3+ 29. Kh2 Qh3+ 30. Kg1 Qe3+ {[%mdl 64] Double Attack} 31. Kh2 Qh3+ 32. Kg1 Qe3+ {[%mdl 64] Double Attack}) 28. Qg6 $18 {[%csl Gh7][%cal Rg6g8]} ({And not} 28. Rxd5 Be6 $11) 28... Qf8 29. Rxd5 Bh3 {Hoping for ...Ne7.} 30. Bg8 $2 ({Only move:} 30. Rxg5 $1 $18 Ne7 {[%mdl 64] Double Attack} 31. Qh5 Nxd5 32. Rg8+ Qxg8+ 33. Bxg8 Rxg8+ 34. Kh2 $1 {[%mdl 512]} Rg2+ 35. Kh1) 30... Bf5 $11 31. Qf7 Ne7 32. Rd6 ({White should play} 32. Rgd2 $11) 32... Nxg8 $15 33. Qxb7 Re8 $36 {[%mdl 2048] Black is in control.} 34. Qd5 Qg7 35. f4 g4 36. Rd2 Rc8 37. Rc6 Rxc6 38. Qxc6 {[#]} Qe7 $1 39. Qc3 Qh4 (39... Kh7 $1 $15) 40. Rh2 $11 Qd8 41. e6+ $2 (41. Rd2 $11 {and White stays safe.} Qb6+ 42. Qd4) 41... Kh7 $19 42. Re2 Qb6+ $2 (42... Kg6 $19 {And now ...Ne7 would win.} 43. Qe3 Ne7) 43. Kg2 $2 (43. Qe3 $1 $11 Ne7 44. Qxb6 axb6 45. a4) 43... Bxe6 44. Qd3+ Kg7 45. f5 {Strongly threatening Qc3+.} Bf7 46. Qc3+ {Accuracy: White = 35%, Black = 56%.} 0-1

[Event "94th Paris-ch  2019"]
[Site "Paris"]
[Date "2019.07.12"]
[Round "7.14"]
[White "O`Sullivan, Thomas"]
[Black "Vardaan Nagpal"]
[Result "1/2-1/2"]
[WhiteElo "2291"]
[BlackElo "2355"]
[Annotator "ChessBase"]
[PlyCount "92"]
[EventDate "2019.07.07"]
[EventType "swiss"]
[EventCountry "FRA"]
[SourceTitle "playchess.com"]
[Source "ChessBase"]
[SourceQuality "1"]
[TimeControl "5400+30"]

1. d4 {[%emt 0:10:33]} d5 {[%emt 0:00:00]} 2. c4 {[%emt 0:00:04]} c6 {[%emt 0:00:00]} 3. Nc3 {[%emt 0:01:56]} dxc4 {[%emt 0:00:00]} 4. e3 {[%emt 0:03:48]} b5 {[%emt 0:00:05]} 5. a4 {[%emt 0:00:07]} b4 {[%emt 0:00:07]} 6. Ne4 {[%emt 0:00:37]} Qd5 {[%emt 0:00:04]} 7. Nd2 {[%emt 0:00:03]} c3 {[%emt 0:00:08]} 8. bxc3 {[%emt 0:00:05]} bxc3 {[%emt 0:00:05]} 9. Ndf3 {[%emt 0:15:35]} e6 {[%emt 0:18:17]} 10. Bd3 {[%emt 0:13:22]} Qa5 {[%emt 0:08:18]} 11. Qe2 {[%emt 0:22:20]} Nd7 {[%emt 0:13:15]} 12. Qc2 {[%emt 0:02:39]} Ngf6 {[%emt 0:08:43]} 13. Ne2 {[%emt 0:00:37]} Bb4 {[%emt 0:00:10]} 14. Ba3 {[%emt 0:03:41]} c5 {[%emt 0:00:58]} 15. dxc5 {[%emt 0:01:43]} Nxc5 {[%emt 0:06:09]} 16. Bb5+ {[%emt 0:00:15]} Bd7 {[%emt 0:00:13]} 17. Bxb4 {[%emt 0:00:47]} Qxb4 {[%emt 0:00:04]} 18. Qxc3 {[%emt 0:00:43]} Qxc3+ {[%emt 0:02:33]} 19. Nxc3 {[%emt 0:00:06]} O-O {[%emt 0:00:08]} 20. Ke2 {[%emt 0:05:50]} Rfc8 {[%emt 0:01:21]} 21. Bxd7 {[%emt 0:05:24]} Nfxd7 {[%emt 0:00:19]} 22. Rhb1 {[%emt 0:01:22]} h6 {[%emt 0:03:39]} 23. Rb2 {[%emt 0:01:33]} Nf6 {[%emt 0:01:39]} 24. Nd2 {[%emt 0:01:34]} Rd8 {[%emt 0:01:38]} 25. Nb3 {[%emt 0:01:49]} Rac8 {[%emt 0:00:46]} 26. Nxc5 {[%emt 0:02:57]} Rxc5 {[%emt 0:00:05]} 27. Nb5 {[%emt 0:00:39]} a6 {[%emt 0:11:57]} 28. Nd4 {[%emt 0:00:00]} Rdc8 {[%emt 0:00:09]} 29. f3 {[%emt 0:01:10]} Nd5 {[%emt 0:02:14]} 30. Ra3 {[%emt 0:01:08]} g6 {[%emt 0:03:50]} 31. Kf2 {[%emt 0:00:43]} Nc3 {[%emt 0:04:50]} 32. Ra1 {[%emt 0:00:48]} Rd5 {[%emt 0:06:23]} 33. Rd2 {[%emt 0:01:39]} Rc4 {[%emt 0:00:46]} 34. a5 {[%emt 0:00:23]} Rb4 {[%emt 0:02:25]} 35. Ke1 {[%emt 0:00:24]} Rc5 {[%emt 0:03:19]} 36. Rc1 {[%emt 0:00:33]} Na4 {[%emt 0:01:14]} 37. Rxc5 {[%emt 0:00:09]} Nxc5 {[%emt 0:00:01]} 38. Rc2 {[%emt 0:00:38]} Nb7 {[%emt 0:00:49]} 39. Rc8+ {[%emt 0:00:18]} Kg7 {[%emt 0:00:06]} 40. Rb8 {[%emt 0:00:59]} e5 {[%emt 0:01:40]} 41. Nc6 {[%emt 0:00:00]} Rb3 {[%emt 0:01:19]} 42. Kd2 {[%emt 0:00:12]} Nxa5 {[%emt 0:00:21]} 43. Rxb3 {[%emt 0:00:27]} Nxb3+ {[%emt 0:00:01]} 44. Kc3 {[%emt 0:00:07]} Nc5 {[%emt 0:00:31]} 45. h3 {[%emt 0:01:23]} Kf6 46. Nxe5 Kg7 {[%emt 0:00:02]} 1/2-1/2